| 000 | 00000nam##2200000za#4500 |
| 001 | 9.660747 |
| 003 | CaOODSP |
| 005 | 20200330130507 |
| 007 | ta |
| 008 | 150407|1998||||xxc||||| f|0| 0 eng|d |
| 020 | |a0-662-64027-6 |
| 040 | |aCaOODSP|beng |
| 041 | |aeng |
| 041 | |afre |
| 043 | |an-cn--- |
| 086 | 1 |aCi51-86/1998 |
| 110 | 1 |aCanada.|bCitizenship and Immigration Canada. |bPublic Affairs Branch. |
| 245 | 10|aBuilding on a strong foundation for the 21st century : |bnew directions for immigration and refugee policy and legislation |
| 260 | |aOttawa - Ontario : |bCitizenship and Immigration Canada. |c1998. |
| 300 | |aEnglish text, iii, 60p. ; |c28 cm. |
| 500 | |aContents: The legislative review process.--Directions for reform.--Adjusting objectives in a clearer, simpler and more coherent act.--Strengthening partnerships.--Strengthening family reunification.--Modernizing the selection system for skilled foreign workers and business immigrants.--Facilitating the entry of highly skilled temporary foreign workers and students.--Introducing transparent criteria for permanent residence status.--Strengthening refugee protection.--Maintaining the safety of Canadian society.--Improving the effectiveness of the immigration appeal system.--Refocusing discretionary powers. |
| 546 | |aBilingual |
| 563 | |aSoftcover |
| 590 | |a99-19|b1999-05-14 |
| 690 | 07|aImmigration policy|2gcpds |
| 690 | 07|aRefugees|2gcpds |
| 776 | 0#|tDe solides assises pour le 21e siècle : |w(CaOODSP)9.639753 |
| 776 | 0#|tBuilding on a strong foundation for the 21st century : |w(CaOODSP)9.695621 |
| 792 | |tDe solides assises pour le 21e siècle : |efre|w(CaOODSP)9.660748 |